Представление документа в формате RUSMARC

ПолеНазваниеЗначение
  Тип записи c
  Библиографический уровень m
001 Контрольный номер UONB/MAIN/c7f2773766264e88ae9b12a9c949dc07
005 Дата корректировки 20240409144727.5
010 Индекс ISBN __
9 Тираж 5000 экз.
013 Номер (ISMN) __
d Цена 20 к.
071 Издательские номер (звукозапись и ноты) 21
a Номер, присвоенный агентством 26875
100 Данные общей обработки __
a Данные общей обработки 20240409d1958 u y0rusy0189 ca
101 Язык документа 0_
a Язык текста rus
a Язык текста fre
102 Страна публикации __
a Страна публикации RU
125 Кодированные данные звукозаписи и нотных изданий __
a Форма изложения нотного текста с
128 Кодированные данные (звукозаписи-физические характеристики) __
a Кодированные данные: Музыкальная форма и тональность или лад sg
c Инструменты или голоса, рекомендуемые для солистов (устаревшее) vu
200 Заглавие и сведения об ответственности 1_
a Заглавие Лирические песни
e Сведения, относящиеся к заглавию для голоса и фортепиано
f Первые сведения об ответственности Жерар Ле Бретон
g Последующие сведения об ответственности слова Жерара ле Бретона ; рус. текст Л. Глазковой
203 Вид содержания и тип средства __
a Вид содержания Музыка
b Характеристика содержания знаковая
c Тип средства непосредственная
210 Выходные данные 1_
a Место издания Москва
c Издательство Музгиз
d Дата издания 1958
215 Физическое описание __
a Объем 15 с.
d Формат 29 см
300 Общие примечания __
a Общие примечания Текст на рус. и фр. яз.
327 Примечание о содержании 11
a Примечание о содержании Содержание : Ле Бретон Ж. Пристань ; Цветок мечты ; Мост случайностей / сл. Ж. Ле Бретона. - Гюстен Ж. Ночная дорога / сл. Ж. Ле Бретона.
464 Аналитический уровень _0
1 700 1
a Ле Бретон
b Ж.
1 702 1
a Ле Бретон
b Ж.
4 520
1 2001
a Пристань
1 036
t Шел корабль моих грез...
464 Аналитический уровень _0
1 700 1
a Ле Бретон
b Ж.
1 702 1
a Ле Бретон
b Ж.
4 520
1 2001
a Цветок мечты
1 036
t Ей был нежный цветок знаком...
464 Аналитический уровень _0
1 700 1
a Ле Бретон
b Ж.
1 702 1
a Ле Бретон
b Ж.
4 520
1 2001
a Мост случайностей
1 036
t На вечерней заре...
464 Аналитический уровень _0
1 700 1
a Гюстен
b Ж.
1 702 1
a Ле Бретон
b Ж.
4 520
1 2001
a Ночная дорога
1 036
t В час ночной...
464 Аналитический уровень _0
1 2001
a Гюстен Ж. Ночная дорога / сл. Ж. Ле Бретона.
512 Заглавие обложки 1_
a Заглавие обложки Лирические песни
606 Тематические рубрики 0_
a Основная рубрика Сольное пение
x Основная подрубрика Песни зарубежных композиторов
x Основная подрубрика Лирические песни
y Географическая подрубрика Франция
610 Ключевые слова 0_
a Ключевые слова сольное пение; песни зарубежных композиторов; лирические песни
686 Индексы других классификаций __
2 Код системы rubbk
a Классификационный индекс 85.943.4-42-041.5(3)я43
700 Автор _1
a Фамилия Ле Бретон
b Имя (инициалы) Ж.
g Полное личное имя Жерар
702 Вторичная интеллектуальная ответственность _1
a Фамилия Ле Бретон
b Имя (инициалы) Ж.
4 Код отношения 520
702 Вторичная интеллектуальная ответственность _1
a Фамилия Глазкова
b Имя (инициалы) Л.
4 Код отношения 730
801 Источник записи _0
a Страна RU
b Организация Ульяновская ОНБ
c Дата составления 20240409
g Правила каталогизации RCR
801 Источник записи _1
a Страна RU
b Организация Ульяновская ОНБ
c Дата составления 20240409
g Правила каталогизации RCR
901 Тип документа __
t Тип документа m
909 Создатель записи __
b Дата создания записи 20240409
a Создатель записи Никитина Т. А.